| 000 | 00761nam a2200205Ia 4500 | ||
|---|---|---|---|
| 003 | IN-BaIIA | ||
| 008 | 211028s9999 xx 000 0 eng d | ||
| 040 | _cIIA Library | ||
| 080 |
_a52-735(52) _bRES |
||
| 110 |
_aPublication of the Astronomical Society of Japan _931658 |
||
| 245 | 0 |
_aResults from Japanese x-ray astronomy satellites _bspecial issue for Ginga _cPublication of the Astronomical Society of Japan |
|
| 260 |
_aTokyo _bAstronomical Society of Japan _c1989 |
||
| 300 | _a345-744p. | ||
| 490 | _aPublication of the Astronomical Society Japan; v. 41 | ||
| 650 |
_aJapanese x ray astronomy satellites _931659 |
||
| 650 |
_aSpace astronomy _93005 |
||
| 650 |
_aX-ray astronomy _97473 |
||
| 650 |
_aX-ray telescopes _915254 |
||
| 942 | _cBK | ||
| 999 |
_c16930 _d16930 |
||